Statistics for Countries of Supreme Court Justices

Click here to take the quiz!

General Stats

  • This quiz has been taken 129 times
  • The average score is 3 of 5

Answer Stats

#Country% Correct
108United States
100%
3United Kingdom
94%
1Ireland
61%
1Austria
25%
1Turkey
13%

Score Distribution

Percentile by Number Answered

Percent of People with Each Score

Your Score History

You have not taken this quiz